Prediction – One of the Ways to Avert Crisis
Prehľad aktuálnej situácie ohľadom bankrotov v podnikoch na Slovensku. Modely prognózy bankrotu v slovenských podnikoch. Model analýzy rovnováhy v podniku.
Saved in:
| Main Author: | |
|---|---|
| Format: | Book Chapter |
| Language: | English |
| Subjects: | |
| Tags: |
No Tags, Be the first to tag this record!
|
MARC
| LEADER | 00000nla a2200000 4500 | ||
|---|---|---|---|
| 001 | 0214057 | ||
| 005 | 20240502073556.9 | ||
| 041 | 0 | |a eng | |
| 044 | |a SK | ||
| 245 | 1 | 0 | |a Prediction – One of the Ways to Avert Crisis |c Iveta Sedláková |
| 520 | |a Prehľad aktuálnej situácie ohľadom bankrotov v podnikoch na Slovensku. Modely prognózy bankrotu v slovenských podnikoch. Model analýzy rovnováhy v podniku. | ||
| 610 | 2 | 0 | |a prognózovanie |
| 610 | 2 | 0 | |a prognózy hospodárske |
| 610 | 2 | 0 | |a modely prognostické |
| 610 | 2 | 0 | |a kríza podniku |
| 100 | 1 | |a Sedláková, Iveta | |